000 00159nam a22000857a 4500
082 _a823
100 _aLITA JACOB
245 _aTHE EMPERORS NEW CLOTHS
942 _cBK
999 _c8248
_d8248